Sports Quiz

Random Sports or NFL Quiz

Hipster NFL Logos Quiz Stats

 Plays Quiz not verified by Sporcle

Challenge
Share
Tweet
Score 0/32 Timer 05:00
0 Plays Today
% Correct
New York Jets
97.5%
New York Giants
96.3%
Tennessee Titans
95.4%
Houston Texans
95%
Jacksonville Jaguars
95%
New Orleans Saints
94.7%
Baltimore Ravens
94.1%
Oakland Raiders
94.1%
Indianapolis Colts
93.8%
Denver Broncos
93.6%
Carolina Panthers
93.6%
Miami Dolphins
93.1%
Buffalo Bills
92.9%
Cincinnati Bengals
92.9%
San Diego Chargers
92.7%
Philadelphia Eagles
92.7%
% Correct
Chicago Bears
92.7%
Kansas City Chiefs
92.4%
Washington Redskins
92.2%
Pittsburgh Steelers
92.2%
Arizona Cardinals
92%
Seattle Seahawks
91.8%
Green Bay Packers
91.5%
Detroit Lions
91.5%
Atlanta Falcons
91.3%
Cleveland Browns
91.1%
St. Louis Rams
91.1%
Minnesota Vikings
90.6%
San Francisco 49ers
90.6%
Tamba Bay Buccaneers
90.2%
Dallas Cowboys
86.5%
New England Patriots
84.4%

You're not logged in!

Compare scores with friends on all Sporcle quizzes.
Join for Free
OR
Log In

You Might Also Like...

Show Comments

Extras

Created Apr 24, 2014SourceReportNominate
Tags:NFL Quiz

Top Quizzes Today


Score Distribution

Your Account Isn't Verified!

In order to create a playlist on Sporcle, you need to verify the email address you used during registration. Go to your Sporcle Settings to finish the process.

Report this User

Report this user for behavior that violates our Community Guidelines.

Details: